Từ tình hình âm nhạc tại Thành phố Hồ Chí Minh và các tỉnh phía Nam, suy nghĩ về tính dân tộc, tính khoa học trong tiếng hát Việt Nam /

Spremljeno u:
Bibliografski detalji
Glavni autor: Xuân Hồng.
Format: Članak
Jezik:Vietnamese
Teme:
Oznake: Dodaj oznaku
Bez oznaka, Budi prvi tko označuje ovaj zapis!
Thư viện lưu trữ: Thư viện Trường Đại học Đà Lạt
LEADER 00948nam a2200289 4500
001 DLU090066232
005 ##20090427
040 # # |a DLU  |b vie 
041 # # |a vie 
044 # # |a vn 
100 # # |a Xuân Hồng. 
245 # # |a Từ tình hình âm nhạc tại Thành phố Hồ Chí Minh và các tỉnh phía Nam, suy nghĩ về tính dân tộc, tính khoa học trong tiếng hát Việt Nam /  |c Xuân Hồng. 
653 # # |a  Ca nhạc 
653 # # |a Đời sống tinh thần 
653 # # |a Lý luận phê bình 
653 # # |a Nghệ thuật sân khấu 
653 # # |a Thành phố Hồ Chí Minh 
773 # # |t Khoa học Xã hội  |g Số 22, 1994, tr. 148-151 
920 # # |a Phòng Tạp chí -- Trung tâm Thông tin - Thư viện Trường Đại học Đà Lạt 
994 # # |a DLU 
900 # # |a True 
911 # # |a Nguyễn Thanh Hương 
925 # # |a G 
926 # # |a A 
927 # # |a BB 
980 # # |a Thư viện Trường Đại học Đà Lạt